Nel Moseo Pitre' E Fuori

-д хадгалсан:
Номзүйн дэлгэрэнгүй
Формат: Ном
Хэл сонгох:Тодорхойгүй
Хэвлэсэн: Ugo La Rosa Editore
Шошгууд: Шошго нэмэх
Шошго байхгүй, Энэхүү баримтыг шошголох эхний хүн болох!

MARC

LEADER 00000nam a2200000Ia 4500
001 R-106
003 CODICE-MESSINA
005 20260212102447.0
008 260211s9999 xx 000 0 und d
040 |c importazione_messina 
245 0 |a Nel Moseo Pitre' E Fuori 
260 |b Ugo La Rosa Editore 
942 |2 ddc  |c BK 
952 |0 0  |1 0  |2 ddc  |4 0  |6 SCAFFALE_2_000000000000000__ARTE  |7 0  |9 30923  |a ME  |b ME  |d 2026-02-11  |l 0  |o SCAFFALE 2 - ARTE  |p R-106  |r 2026-02-11 23:52:13  |w 2026-02-11  |x [REVISIONARE]  |y BK 
999 |c 26587  |d 26587